书目信息 |
| 题名: |
实用中医儿科诊治
|
|
| 作者: | 钟永成 著 | |
| 分册: | ||
| 出版信息: | 长春 吉林科学技术出版社 2019.05 |
|
| 页数: | 200页 | |
| 开本: | 26cm | |
| 丛书名: | ||
| 单 册: | ||
| 中图分类: | R272 | |
| 科图分类: | ||
| 主题词: | 中医儿科学--zhong yi er ke xue--诊疗 | |
| 电子资源: | ||
| ISBN: | 978-7-5578-5419-5 | |
| 000 | 00947nam0 2200241 450 | |
| 001 | CAL 0120217228609 | |
| 005 | 20230217093111.0 | |
| 010 | @a978-7-5578-5419-5@dCNY98.00 | |
| 100 | @a20210805d2019 em y0chiy0120 ea | |
| 101 | 0 | @achi |
| 102 | @aCN@b220000 | |
| 105 | @ay a 000yy | |
| 106 | @ar | |
| 200 | 1 | @a实用中医儿科诊治@Ashi yong zhong yi er ke zhen zhi@f钟永成著 |
| 210 | @a长春@c吉林科学技术出版社@d2019.05 | |
| 215 | @a200页@d26cm | |
| 320 | @a有书目 (第200页) | |
| 330 | @a本书全面、系统地介绍了新生儿病证、时行疾病、常见虫病、肺系病证、脾系病证、心肝病证等诊疗过程中的病因病理分析、诊断思维、辨证论治等相关内容。全书按照当前中医儿科的发展要求, 注重密切联系临床实际, 侧重于中医儿科临床实践中基本知识和基本技能的应用, 具有较强的临床实用性。 | |
| 606 | 0 | @a中医儿科学@Azhong yi er ke xue@x诊疗 |
| 690 | @aR272@v5 | |
| 701 | 0 | @a钟永成@Azhong yong cheng@4著 |
| 801 | 0 | @aCN@bBJXHZP@c20230228 |
| 905 | @b1395410-3@dR272@e623@f4 | |
| 实用中医儿科诊治/钟永成著.-长春:吉林科学技术出版社,2019.05 |
| 200页;26cm |
| ISBN 978-7-5578-5419-5:CNY98.00 |
| 本书全面、系统地介绍了新生儿病证、时行疾病、常见虫病、肺系病证、脾系病证、心肝病证等诊疗过程中的病因病理分析、诊断思维、辨证论治等相关内容。全书按照当前中医儿科的发展要求, 注重密切联系临床实际, 侧重于中医儿科临床实践中基本知识和基本技能的应用, 具有较强的临床实用性。 |
| ● |
| 相关链接 |
|
|
|
|
正题名:实用中医儿科诊治
索取号:R272/623
 
预约/预借
| 序号 | 登录号 | 条形码 | 馆藏地/架位号 | 状态 | 备注 |
| 1 | 1395410 | 213954103 | 第二样本阅览室/ [索取号:R272/623] | 在馆 | |
| 2 | 1395411 | 213954112 | 第三借阅区/ [索取号:R272/623] | 在馆 | |
| 3 | 1395412 | 213954121 | 第三借阅区/ [索取号:R272/623] | 在馆 | |
| 4 | 1395413 | 213954130 | 第三借阅区/ [索取号:R272/623] | 在馆 |